Biography Movie Title Match-Up Quiz Stats

 Plays Quiz Updated Sep 26, 2017

Challenge
Share
Tweet
Score 0/36 Timer 04:00
1 Play Today
% Correct
Catch Me
98.5%
Schindler's
98.3%
The Wolf of
98.1%
12 Years
98.1%
A Beautiful
97.1%
Erin
97%
Lawrence of
96.8%
Raging
95.5%
Malcolm
95.2%
The Last King of
95.1%
Hotel
94.7%
Coal Miner's
94.1%
Yankee
93.8%
My Left
93.5%
Walk
92.8%
127
92.8%
Captain
92.6%
Once Upon
92.5%
% Correct
Finding
92.2%
The Imitation
91.6%
The Last
90%
A Man for
89.3%
Saving
89.3%
Dog Day
89.3%
Into
89.2%
The Killing
88.3%
Confessions of
88.1%
La Vie
88%
The Spirit of
87.6%
Sid and
86.9%
Funny
85.7%
Rob
85%
Ed
82.3%
Before
81%
The Lion
79.1%
I'm Not
79.1%

You're not logged in!

Compare scores with friends on all Sporcle quizzes.
Join for Free
OR
Log In

You Might Also Like...

Show Comments

Extras

Top Quizzes Today


Score Distribution

Your Account Isn't Verified!

In order to create a playlist on Sporcle, you need to verify the email address you used during registration. Go to your Sporcle Settings to finish the process.

Report this User

Report this user for behavior that violates our Community Guidelines.

Details: